Cartas a Elpidio sobre la impiedad, la superstición y el fanatismo en sus relaciones con la sociedad / (Record no. 149381)
[ view plain ]
| 000 -LEADER | |
|---|---|
| campo de control de longitud fija | 01000nam a2200277 i 4500 |
| 001 - NÚMERO DE CONTROL | |
| campo de control | 149381 |
| 003 - IDENTIFICADOR DE NÚMERO DE CONTROL | |
| campo de control | ES-MaACL |
| 005 - FECHA Y HORA DE LA ÚLTIMA TRANSACCIÓN | |
| campo de control | 20240705063044.0 |
| 007 - CAMPO FIJO DE DESCRIPCIÓN FÍSICA--INFORMACIÓN GENERAL | |
| campo de control de longitud fija | t| |
| 008 - DATOS DE LONGITUD FIJA--INFORMACIÓN GENERAL | |
| campo de control de longitud fija | 071022m19441945cu ||||1| spa d |
| 080 ## - NÚMERO DE LA CLASIFICACIÓN DECIMAL UNIVERSAL | |
| Número de la Clasificación Decimal Universal | 398.3 |
| 080 ## - NÚMERO DE LA CLASIFICACIÓN DECIMAL UNIVERSAL | |
| Número de la Clasificación Decimal Universal | 316.647.7 |
| 100 1# - ENTRADA PRINCIPAL--NOMBRE DE PERSONA | |
| Nombre de persona | Varela, Félix, |
| Fechas asociadas al nombre | 1788-1853 |
| 9 (RLIN) | 174937 |
| 245 10 - MENCIÓN DEL TÍTULO | |
| Título | Cartas a Elpidio sobre la impiedad, la superstición y el fanatismo en sus relaciones con la sociedad / |
| Mención de responsabilidad, etc. | por el pbro. Félix Varela y Morales ; prólogo por Humberto Piñera Llera. |
| 260 ## - PUBLICACIÓN, DISTRIBUCIÓN, ETC. | |
| Lugar de publicación, distribución, etc. | La Habana : |
| Nombre del editor, distribuidor, etc. | Universidad, |
| Fecha de publicación, distribución, etc. | 1944-1945. |
| 300 ## - DESCRIPCIÓN FÍSICA | |
| Extensión | 2 v. ; |
| Dimensiones | 20 cm. |
| 490 1# - MENCIÓN DE SERIE | |
| Mención de serie | Biblioteca de autores cubanos ; |
| Designación de volumen o secuencia | 5-6 |
| 505 8# - NOTA DE CONTENIDO CON FORMATO | |
| Nota de contenido con formato | Contiene: 1. Impiedad - 2. Superstición |
| 650 #4 - PUNTO DE ACCESO ADICIONAL DE MATERIA--TÉRMINO DE MATERIA | |
| Término de materia o nombre geográfico como elemento de entrada | Supersticiones. |
| 9 (RLIN) | 17264 |
| 650 #4 - PUNTO DE ACCESO ADICIONAL DE MATERIA--TÉRMINO DE MATERIA | |
| Término de materia o nombre geográfico como elemento de entrada | Fanatismo. |
| 9 (RLIN) | 12714 |
| 700 1# - ENTRADA AGREGADA--NOMBRE PERSONAL | |
| Nombre de persona | Piñera, Humberto. |
| 9 (RLIN) | 92267 |
| 710 2# - ENTRADA AGREGADA--NOMBRE DE ENTIDAD CORPORATIVA | |
| Nombre de entidad corporativa o nombre de jurisdicción como elemento de entrada | Universidad de La Habana. |
| 9 (RLIN) | 7191 |
| 830 1# - PUNTO DE ACCESO ADICIONAL DE SERIE-TÍTULO UNIFORME | |
| Título uniforme | Biblioteca de autores cubanos ; |
| Designación de volumen o secuencia | 5-6 |
| 9 (RLIN) | 187561 |
| 852 4# - LOCALIZACIÓN | |
| Ubicación | ES-MaACL |
| Número de control de estantería | F-5261-62 |
| Estatus retirado | Estado de pérdida | Estado de daño | No para préstamo | Biblioteca de origen | Biblioteca actual | Ubicación en estantería | Fecha de adquisición | Fuente de adquisición | Total de préstamos | Signatura topográfica completa | Código de barras | Visto por última vez | Precio de reemplazo | Tipo de ítem Koha |
|---|---|---|---|---|---|---|---|---|---|---|---|---|---|---|
| Biblioteca del Ateneo de Madrid | Biblioteca del Ateneo de Madrid | Depósito 2 | 17/01/2008 | F-5261-62 | 1155881 | 23/02/2023 | 23/02/2023 | Libro impreso |
